00429nam a2200157Ia 45000010006000000050017000060080041000230410008000640820024000721100025000962450097001212600009002183000028002276500008002556540008002631231920260306162932.0260306t2025||||xx |||||||||||||| ||spa|| aESP aHR 344bABR 2025 AP aInstituto Pacífico 0aActualidad penal :brevista de derecho penal, procesal penal, penitenciario y criminología c2025 a317 páginas :c25 cm. aGEN aCDE